[Event "HUN-chT2 Toth 1415"]
[Site "Hungary"]
[Date "2015.04.26"]
[Round "11.3"]
[White "Zalai, Mihaly"]
[Black "Dosztan, Janos"]
[Result "1/2-1/2"]
[WhiteElo "2168"]
[BlackElo "2199"]
[PlyCount "95"]
[EventDate "2014.09.07"]
[EventType "team-tourn"]
[EventRounds "11"]
[EventCountry "HUN"]
[SourceTitle "EXT 2016"]
[Source "ChessBase"]
[SourceDate "2015.10.08"]
[SourceVersion "1"]
[SourceVersionDate "2015.10.08"]
[SourceQuality "1"]
[WhiteTeam "Oroshaza"]
[BlackTeam "Ujszasz"]
[WhiteTeamCountry "HUN"]
[BlackTeamCountry "HUN"]

1. d4 Nf6 2. c4 g6 3. f3 Bg7 4. e4 d6 5. Nc3 0-0 6. Nge2 Nc6 7. Be3 Re8 8. Qd2 Rb8 9. a3 a6 10. b4 e5 11. d5 Ne7 12. c5 Rf8 13. Nc1 Nh5 14. Nd3 f5 15. Be2 Nf4 16. Nxf4 exf4 17. Bd4 g5 18. Bxg7 Kxg7 19. Qd4+ Kg8 20. e5 dxe5 21. Qxe5 Ng6 22. Qd4 Qf6 23. Qxf6 Rxf6 24. 0-0-0 Bd7 25. d6 c6 26. Rhe1 Re8 27. Bc4+ Kf8 28. Rxe8+ Kxe8 29. Re1+ Kd8 30. Na4 Rf8 31. Nb6 Re8 32. Rxe8+ Kxe8 33. Kd2 Nh4 34. Bf1 g4 35. Ke2 Be6 36. Kf2 Ng6 37. g3 h5 38. a4 Kd8 39. Be2 h4 40. gxh4 Nxh4 41. fxg4 fxg4 42. Bc4 Bf5 43. Be2 Ng6 44. Nc4 Be6 45. Bd3 Bxc4 46. Bxg6 Be6 47. Kg2 Kd7 48. Kf2 1/2-1/2

[Event "HUN-chT2 Toth 1415"]
[Site "Hungary"]
[Date "2014.11.16"]
[Round "4.3"]
[White "Dosztan, Janos"]
[Black "Gombos, Janos"]
[Result "1-0"]
[WhiteElo "2199"]
[BlackElo "1994"]
[PlyCount "77"]
[EventDate "2014.09.07"]
[EventType "team-tourn"]
[EventRounds "11"]
[EventCountry "HUN"]
[SourceTitle "EXT 2016"]
[Source "ChessBase"]
[SourceDate "2015.10.08"]
[SourceVersion "1"]
[SourceVersionDate "2015.10.08"]
[SourceQuality "1"]
[WhiteTeam "Ujszasz"]
[BlackTeam "Gyula"]
[WhiteTeamCountry "HUN"]
[BlackTeamCountry "HUN"]

1. e4 e5 2. Nf3 Nc6 3. Be2 Nf6 4. d3 d5 5. Nbd2 dxe4 6. dxe4 Bc5 7. 0-0 0-0 8. c3 Re8 9. b4 Bf8 10. Qc2 a6 11. Nc4 b5 12. Ne3 Bb7 13. Rd1 Qc8 14. Bd3 g6 15. a3 Bg7 16. Bb2 Nh5 17. Bf1 Nf6 18. Nd5 Nxd5 19. Rxd5 Nb8 20. Rdd1 c5 21. c4 cxb4 22. axb4 bxc4 23. Bxc4 Bc6 24. Ng5 Rf8 25. Qb3 Qc7 26. Rac1 Qe7 27. Bxf7+ Rxf7 28. Nxf7 Qxf7 29. Rd8+ Bf8 30. Qxf7+ Kxf7 31. Rxc6 Nxc6 32. Rxa8 Nxb4 33. Ba3 Be7 34. Bxb4 Bxb4 35. Rxa6 h5 36. g3 Be7 37. f4 exf4 38. gxf4 g5 39. f5 1-0

[Event "HUN-chT2 Toth 1213"]
[Site "Hungary"]
[Date "2013.04.07"]
[Round "10.2"]
[White "Dosztan, Janos"]
[Black "Debreceni, Mate"]
[Result "1-0"]
[WhiteElo "2245"]
[BlackElo "1888"]
[PlyCount "89"]
[EventDate "2012.09.16"]
[EventType "team-tourn"]
[EventRounds "11"]
[EventCountry "HUN"]
[SourceTitle "EXT 2014"]
[Source "ChessBase"]
[SourceDate "2013.11.20"]
[SourceVersion "1"]
[SourceVersionDate "2013.11.20"]
[SourceQuality "1"]
[WhiteTeam "Ujszasz"]
[BlackTeam "Debrecen Sakkbaratok"]
[WhiteTeamCountry "HUN"]
[BlackTeamCountry "HUN"]

1. e4 e5 2. Nf3 Nc6 3. Be2 Nf6 4. d3 d5 5. Nbd2 Bc5 6. 0-0 0-0 7. c3 a5 8. b3 Qe7 9. a3 Rd8 10. Qc2 Bg4 11. h3 Bh5 12. Bb2 d4 13. c4 Nd7 14. Rfe1 Nf8 15. Nf1 Ne6 16. Nxe5 Nxe5 17. Bxh5 Nf4 18. Be2 Qg5 19. Ng3 h5 20. Bc1 h4 21. Bxf4 Qxf4 22. Nh5 Qh6 23. Qc1 Qxc1 24. Rexc1 g6 25. Nf4 g5 26. Nh5 Be7 27. Rf1 Ng6 28. g3 Kh7 29. gxh4 gxh4 30. f4 Rg8 31. Kf2 a4 32. b4 f6 33. Rg1 c6 34. Rg4 f5 35. exf5 Nf8 36. f6 Rxg4 37. hxg4 Bd6 38. c5 Bc7 39. Rh1 Ng6 40. g5 Kg8 41. f5 Nf4 42. Nxf4 Bxf4 43. Rxh4 Be3+ 44. Kf1 Bc1 45. g6 1-0

[Event "HUN-chT2 Toth 1213"]
[Site "Hungary"]
[Date "2013.03.24"]
[Round "9.2"]
[White "Nagy, Zoltan"]
[Black "Dosztan, Janos"]
[Result "1-0"]
[WhiteElo "2063"]
[BlackElo "2245"]
[PlyCount "49"]
[EventDate "2012.09.16"]
[EventType "team-tourn"]
[EventRounds "11"]
[EventCountry "HUN"]
[SourceTitle "EXT 2014"]
[Source "ChessBase"]
[SourceDate "2013.11.20"]
[SourceVersion "1"]
[SourceVersionDate "2013.11.20"]
[SourceQuality "1"]
[WhiteTeam "Maroczy II"]
[BlackTeam "Ujszasz"]
[WhiteTeamCountry "HUN"]
[BlackTeamCountry "HUN"]

1. e4 e5 2. Nf3 d6 3. Bc4 Be7 4. 0-0 Nf6 5. d3 0-0 6. Be3 c6 7. Re1 Bg4 8. h3 Bh5 9. g4 Bg6 10. Bb3 Nbd7 11. c4 h5 12. Nh4 Nc5 13. Nf5 Bxf5 14. gxf5 g6 15. Bc2 Kh7 16. Kh1 d5 17. exd5 cxd5 18. d4 exd4 19. Qxd4 Rc8 20. Qf4 Ng8 21. Rg1 Rc6 22. b4 Ne4 23. cxd5 Rxc2 24. Qxe4 Qc8 25. fxg6+ 1-0

[Event "HUN-chT2 Toth 1213"]
[Site "Hungary"]
[Date "2013.02.17"]
[Round "7.2"]
[White "Kovacs, Zoltan"]
[Black "Dosztan, Janos"]
[Result "1/2-1/2"]
[WhiteElo "2000"]
[BlackElo "2245"]
[PlyCount "29"]
[EventDate "2012.09.16"]
[EventType "team-tourn"]
[EventRounds "11"]
[EventCountry "HUN"]
[SourceTitle "EXT 2014"]
[Source "ChessBase"]
[SourceDate "2013.11.20"]
[SourceVersion "1"]
[SourceVersionDate "2013.11.20"]
[SourceQuality "1"]
[WhiteTeam "Felegyhaza Csongrad"]
[BlackTeam "Ujszasz"]
[WhiteTeamCountry "HUN"]
[BlackTeamCountry "HUN"]

1. Nf3 d6 2. e4 e5 3. d4 exd4 4. Nxd4 Nf6 5. Nc3 Be7 6. Be2 0-0 7. Be3 a6 8. 0-0 c5 9. Nb3 Nc6 10. f4 Re8 11. a4 Bf8 12. Bf3 Be6 13. g4 h6 14. Kg2 Nb4 15. Re1 1/2-1/2

[Event "HUN-chT2 Toth 1213"]
[Site "Hungary"]
[Date "2012.10.07"]
[Round "2.2"]
[White "Dosztan, Janos"]
[Black "Borsos, Andor"]
[Result "1/2-1/2"]
[WhiteElo "2245"]
[BlackElo "2141"]
[PlyCount "128"]
[EventDate "2012.09.16"]
[EventType "team-tourn"]
[EventRounds "11"]
[EventCountry "HUN"]
[SourceTitle "EXT 2014"]
[Source "ChessBase"]
[SourceDate "2013.11.20"]
[SourceVersion "1"]
[SourceVersionDate "2013.11.20"]
[SourceQuality "1"]
[WhiteTeam "Ujszasz"]
[BlackTeam "Roszke II"]
[WhiteTeamCountry "HUN"]
[BlackTeamCountry "HUN"]

1. e4 e5 2. Nf3 Nc6 3. Be2 Nf6 4. d3 d5 5. Nbd2 Bc5 6. 0-0 0-0 7. c3 a5 8. b3 Qe7 9. a3 h6 10. Bb2 d4 11. c4 Nh7 12. g3 Bh3 13. Re1 Qd7 14. Kh1 Rae8 15. Ng1 Be6 16. Bf3 Ne7 17. Qe2 g5 18. Bc1 Ng6 19. Nf1 Kg7 20. Bd2 b6 21. b4 axb4 22. axb4 Bd6 23. Reb1 Ra8 24. Qd1 Qe7 25. b5 Nf6 26. Qc1 Rxa1 27. Rxa1 Bb4 28. Bxb4 Qxb4 29. Qa3 Qxa3 30. Rxa3 Nd7 31. Nd2 Nc5 32. Ne2 f5 33. Kg1 g4 34. Bg2 f4 35. gxf4 Nxf4 36. Nxf4 Rxf4 37. Bf1 h5 38. Ra7 Rf7 39. Nb1 Bc8 40. Ra8 Rf8 41. Kg2 Bb7 42. Rxf8 Kxf8 43. Kg3 Kg7 44. Kh4 Kh6 45. Nd2 Bc8 46. f3 Bd7 47. Be2 gxf3 48. Bxf3 Nxd3 49. Bxh5 Be6 50. Bd1 Nc5 51. Bg4 Bf7 52. Be2 Bg6 53. Nf3 d3 54. Bf1 Bxe4 55. Nxe5 d2 56. Be2 Bd3 57. Bd1 Bf5 58. Kg3 Nd3 59. Nf3 Nb2 60. Nxd2 Nxd1 61. Kf4 Bd3 62. Ke5 Nb2 63. Kd5 Kg5 64. Kc6 Bxc4 1/2-1/2

[Event "HUN-chT2 Erkel 1011"]
[Site "Hungary"]
[Date "2011.03.27"]
[Round "7.3"]
[White "Morvay, Miklos"]
[Black "Dosztan, Janos"]
[Result "1-0"]
[WhiteElo "2195"]
[BlackElo "2212"]
[PlyCount "59"]
[EventDate "2010.09.12"]
[EventType "team-tourn"]
[EventRounds "11"]
[EventCountry "HUN"]
[SourceTitle "EXT 2012"]
[Source "ChessBase"]
[SourceDate "2011.11.24"]
[SourceVersion "1"]
[SourceVersionDate "2011.11.24"]
[SourceQuality "1"]
[WhiteTeam "Budapest MTK"]
[BlackTeam "Ujszasz"]
[WhiteTeamCountry "HUN"]
[BlackTeamCountry "HUN"]

1. e4 e5 2. Nc3 Nf6 3. Bc4 Be7 4. d3 c6 5. f4 d6 6. Nf3 Nbd7 7. 0-0 0-0 8. Kh1 b5 9. Bb3 Qc7 10. a3 Nc5 11. Ba2 Be6 12. Bxe6 Nxe6 13. f5 Nc5 14. Qe2 Rfe8 15. Rg1 d5 16. g4 dxe4 17. dxe4 a5 18. Bg5 b4 19. Bxf6 Bxf6 20. Nd1 Be7 21. Nf2 Bf8 22. g5 Kh8 23. Ng4 Nd7 24. Rg3 g6 25. Nh4 Qd8 26. fxg6 hxg6 27. Rd1 Qe7 28. Nf5 gxf5 29. Rxd7 Qxg5 30. Nxe5 1-0

[Event "HUN-chT2 Erkel 1011"]
[Site "Hungary"]
[Date "2010.11.21"]
[Round "6.3"]
[White "Dosztan, Janos"]
[Black "Szekeres, Sandor"]
[Result "1/2-1/2"]
[WhiteElo "2212"]
[BlackElo "2035"]
[PlyCount "62"]
[EventDate "2010.09.12"]
[EventType "team-tourn"]
[EventRounds "11"]
[EventCountry "HUN"]
[SourceTitle "EXT 2012"]
[Source "ChessBase"]
[SourceDate "2011.11.24"]
[SourceVersion "1"]
[SourceVersionDate "2011.11.24"]
[SourceQuality "1"]
[WhiteTeam "Ujszasz"]
[BlackTeam "Jaszbereny"]
[WhiteTeamCountry "HUN"]
[BlackTeamCountry "HUN"]

1. d4 d5 2. Nf3 Nf6 3. e3 g6 4. Bd3 Bg7 5. 0-0 0-0 6. Nbd2 Nbd7 7. c3 b6 8. e4 dxe4 9. Nxe4 Bb7 10. Qe2 Rc8 11. Bg5 Nxe4 12. Bxe4 Bxe4 13. Qxe4 Nf6 14. Bxf6 Bxf6 15. Rad1 c6 16. d5 cxd5 17. Qxd5 e6 18. Qb7 Qc7 19. Qxc7 Rxc7 20. Rd2 Rd8 21. Rfd1 Rxd2 22. Rxd2 Kf8 23. Kf1 Ke7 24. Ke2 Rd7 25. h3 h6 26. Rxd7+ Kxd7 27. Nd2 Bg5 28. Nf3 Bf6 29. Nd2 Bg5 30. Nf3 Bf6 31. Nd2 Bg5 1/2-1/2

[Event "HUN-chT2 Erkel 0809"]
[Site "Hungary"]
[Date "2009.04.19"]
[Round "11.2"]
[White "Dosztan, Janos"]
[Black "Jacso, Adam"]
[Result "1-0"]
[WhiteElo "2296"]
[BlackElo "2190"]
[PlyCount "145"]
[EventDate "2008.10.26"]
[EventType "team-tourn"]
[EventRounds "11"]
[EventCountry "HUN"]
[SourceTitle "EXT 2010"]
[Source "ChessBase"]
[SourceDate "2010.11.25"]
[SourceVersion "1"]
[SourceVersionDate "2010.11.25"]
[SourceQuality "1"]
[WhiteTeam "Ujszasz"]
[BlackTeam "HMO"]
[WhiteTeamCountry "HUN"]
[BlackTeamCountry "HUN"]

1. d4 Nf6 2. Nf3 g6 3. Bg5 Bg7 4. Nbd2 c5 5. e3 b6 6. c3 Bb7 7. Bd3 0-0 8. 0-0 d6 9. Qe2 Nbd7 10. Ba6 Bxa6 11. Qxa6 h6 12. Bh4 g5 13. Bg3 Nh5 14. Rad1 Nxg3 15. hxg3 d5 16. Qe2 Qc7 17. Rfe1 Rfd8 18. Nf1 Rac8 19. g4 e6 20. Ng3 cxd4 21. exd4 Qc4 22. Qd2 a5 23. Nh5 Bh8 24. a3 b5 25. Re3 Rb8 26. Rde1 b4 27. cxb4 axb4 28. b3 Qc7 29. Rc1 Qd6 30. a4 Rdc8 31. Ree1 Qb6 32. Red1 Rc3 33. Rxc3 bxc3 34. Qxc3 Qxb3 35. Qxb3 Rxb3 36. Ra1 Rb6 37. Ng3 Ra6 38. Ne2 Nc5 39. Nc3 Nb3 40. Rd1 Rc6 41. Nb5 Rc4 42. Rd3 Nc1 43. Ra3 Ne2+ 44. Kf1 Nxd4 45. Nfxd4 Bxd4 46. a5 Be5 47. a6 Rc8 48. a7 Ra8 49. Ra6 Kg7 50. Rb6 Kg6 51. Ke2 h5 52. gxh5+ Kxh5 53. Rb7 Kg6 54. Kd3 f6 55. Nd4 Bxd4 56. Kxd4 Kf5 57. Kc5 Ke4 58. Kb6 Kd3 59. Rb8 Rxa7 60. Kxa7 d4 61. Rb6 Ke2 62. Rxe6+ Kxf2 63. g4 Kf3 64. Kb6 Kxg4 65. Rxf6 d3 66. Kc5 d2 67. Rf1 Kh3 68. Kd4 g4 69. Ke3 g3 70. Rh1+ Kg2 71. Rd1 Kh2 72. Kf3 g2 73. Kf2 1-0

[Event "HUN-chT2 Erkel 0809"]
[Site "Hungary"]
[Date "2009.03.08"]
[Round "9.2"]
[White "Dosztan, Janos"]
[Black "Koczo, Kristof"]
[Result "1/2-1/2"]
[WhiteElo "2296"]
[BlackElo "2231"]
[PlyCount "160"]
[EventDate "2008.10.26"]
[EventType "team-tourn"]
[EventRounds "11"]
[EventCountry "HUN"]
[SourceTitle "EXT 2010"]
[Source "ChessBase"]
[SourceDate "2010.11.25"]
[SourceVersion "1"]
[SourceVersionDate "2010.11.25"]
[SourceQuality "1"]
[WhiteTeam "Ujszasz"]
[BlackTeam "HASE II"]
[WhiteTeamCountry "HUN"]
[BlackTeamCountry "HUN"]

1. e4 c5 2. Nf3 d6 3. d4 cxd4 4. Qxd4 Nc6 5. Bb5 Bd7 6. Bxc6 Bxc6 7. Nc3 Nf6 8. Bg5 e6 9. 0-0-0 Be7 10. Rhe1 0-0 11. Qd2 Rc8 12. Nd4 a6 13. f3 Qc7 14. Kb1 Rfd8 15. g4 b5 16. h4 b4 17. Nce2 a5 18. Ng3 Be8 19. Nh5 Nxh5 20. gxh5 Bxg5 21. Qxg5 h6 22. Qd2 Qc5 23. Rg1 Qxh5 24. Rg4 d5 25. Rdg1 g6 26. e5 Qxe5 27. Qxh6 Rc4 28. Qd2 f5 29. Nxf5 Rxg4 30. Nh6+ Kf8 31. Nxg4 Qg7 32. Qg5 Rd7 33. Ne5 Rc7 34. Qf4+ Kg8 35. h5 Qf8 36. Qe3 Qf5 37. Nxg6 Bxg6 38. Rxg6+ Kf7 39. Rg2 Ke8 40. h6 Rh7 41. a3 Qh3 42. Rg4 Qxh6 43. Qxh6 Rxh6 44. axb4 axb4 45. Rxb4 Kd7 46. f4 Kc6 47. Ka2 Kc5 48. c3 Rf6 49. Kb3 Rf7 50. Rd4 Rb7+ 51. Kc2 Rh7 52. Rd2 Rf7 53. Re2 Kd6 54. Rf2 Rf5 55. Kd3 Kc5 56. Re2 Kd6 57. Ke3 e5 58. fxe5+ Rxe5+ 59. Kd3 Rh5 60. b4 Rh8 61. Rg2 Rh6 62. Ra2 Rh3+ 63. Kc2 Kc6 64. Ra6+ Kc7 65. Rg6 Rf3 66. Rg4 Kc6 67. Kb3 Rh3 68. Rg6+ Kc7 69. Kc2 Rf3 70. Rg4 Kc6 71. Rg6+ Kc7 72. Rg4 Kc6 73. Rd4 Rh3 74. Rd3 Rh4 75. Kb3 Rh1 76. Rg3 Rb1+ 77. Kc2 Rh1 78. Rg6+ Kc7 79. Kd3 Rh4 80. Ke3 Rc4 1/2-1/2

[Event "HUN-chT2 Erkel 0809"]
[Site "Hungary"]
[Date "2008.11.30"]
[Round "3.2"]
[White "Nogrady, Vilmos"]
[Black "Dosztan, Janos"]
[Result "1/2-1/2"]
[WhiteElo "2220"]
[BlackElo "2296"]
[PlyCount "58"]
[EventDate "2008.10.26"]
[EventType "team-tourn"]
[EventRounds "11"]
[EventCountry "HUN"]
[SourceTitle "EXT 2010"]
[Source "ChessBase"]
[SourceDate "2010.11.25"]
[SourceVersion "1"]
[SourceVersionDate "2010.11.25"]
[SourceQuality "1"]
[WhiteTeam "Foti"]
[BlackTeam "Ujszasz"]
[WhiteTeamCountry "HUN"]
[BlackTeamCountry "HUN"]

1. e4 e5 2. Nf3 d6 3. d4 exd4 4. Nxd4 Nf6 5. Nc3 Be7 6. f3 0-0 7. Be3 a6 8. a4 c5 9. Nb3 Nc6 10. Qd2 Be6 11. Rd1 Qb6 12. Nd5 Bxd5 13. exd5 Ne5 14. Be2 Rfe8 15. 0-0 Bf8 16. Rfe1 Ned7 17. a5 Qc7 18. c4 Re7 19. Bf1 Rae8 20. Bg5 h6 21. Bh4 g5 22. Bg3 Nh5 23. Bf2 Bg7 24. Rxe7 Rxe7 25. Re1 Qd8 26. Rxe7 Qxe7 27. Nc1 Be5 28. Nd3 Nf4 29. g3 Nh3+ 1/2-1/2

[Event "Eger Tel op"]
[Site "Eger"]
[Date "2008.01.27"]
[Round "6"]
[White "Dosztan, Janos"]
[Black "Bagoly, Janos"]
[Result "1-0"]
[WhiteElo "2240"]
[BlackElo "2128"]
[PlyCount "65"]
[EventDate "2008.01.24"]
[EventType "swiss"]
[EventRounds "7"]
[EventCountry "HUN"]
[SourceTitle "EXT 2011"]
[Source "ChessBase"]
[SourceDate "2010.11.26"]
[SourceVersion "1"]
[SourceVersionDate "2010.11.26"]
[SourceQuality "1"]

1. e4 Nf6 2. d3 d5 3. Nd2 e5 4. Ngf3 Bc5 5. Be2 Nc6 6. 0-0 0-0 7. c3 a5 8. b3 Re8 9. a3 Bg4 10. Qc2 Nh5 11. g3 Bh3 12. Re1 Nf6 13. Bf1 Qd7 14. Bb2 dxe4 15. Nxe4 Nxe4 16. dxe4 Bxf1 17. Rxf1 Rad8 18. b4 Qd3 19. Qxd3 Rxd3 20. Ne1 Rd2 21. Bc1 Re2 22. bxc5 Rxe4 23. Rb1 Rc4 24. Rxb7 Rxc5 25. Rxc7 Rxc3 26. Bd2 Rc4 27. Ng2 Rd4 28. Be3 Rd6 29. Rc1 Nd4 30. Bxd4 exd4 31. Rc8 Red8 32. Rxd8+ Rxd8 33. Rd1 1-0

[Event "Eger Tel op"]
[Site "Eger"]
[Date "2008.01.26"]
[Round "4"]
[White "Csizmadia, Lajos"]
[Black "Dosztan, Janos"]
[Result "0-1"]
[WhiteElo "1965"]
[BlackElo "2240"]
[PlyCount "72"]
[EventDate "2008.01.24"]
[EventType "swiss"]
[EventRounds "7"]
[EventCountry "HUN"]
[SourceTitle "EXT 2011"]
[Source "ChessBase"]
[SourceDate "2010.11.26"]
[SourceVersion "1"]
[SourceVersionDate "2010.11.26"]
[SourceQuality "1"]

1. e4 d6 2. d4 Nf6 3. Nc3 c6 4. f4 Qa5 5. Bd3 e5 6. dxe5 dxe5 7. fxe5 Qxe5 8. Nf3 Qh5 9. Bd2 Nbd7 10. Qe2 Bd6 11. 0-0-0 0-0 12. h3 Bg3 13. Be1 Bxe1 14. Rdxe1 Qa5 15. Kb1 Ne5 16. Nxe5 Qxe5 17. g4 Be6 18. Reg1 b5 19. g5 Nd7 20. h4 Nc5 21. h5 Rad8 22. g6 fxg6 23. hxg6 h6 24. Rh5 Qd4 25. Rf1 Nxd3 26. Rxf8+ Kxf8 27. cxd3 Qxd3+ 28. Qxd3 Rxd3 29. Rc5 Bd7 30. e5 Ke7 31. Ne2 Rd2 32. Nf4 Rh2 33. e6 Be8 34. Kc1 Rh4 35. Nh5 Bxg6 36. Nxg7 Rc4+ 0-1